000 00820nam a2200253Ia 4500
003 OSt
005 20220923224956.0
006 a|||||r|||| 00| 0
007 ta
008 220922b |||||||| |||| 00| 0 hin d
024 _a254,535
037 _cTextual
040 _aARTS
_cARTS
_bhin
041 _2hin
_ahin
082 _aO152,3N562x, N3
100 _aअस्थाना, धीरेन्द्र
245 0 _aउस रात की गंध
246 _aUs rāt kī gandha
260 _aनयी दिल्ली
_b वाणी प्रकाशन
_c1993
300 _a271पृ.
_ccm.
650 _aहिन्दी साहित्य
_9156264
942 _hO152,3N562x, N3
_cTEXL
_2CC
999 _c375134
_d375134